<?xml version="1.0" encoding="UTF-8"?><?xml-stylesheet type="text/xsl" href="static/style.xsl"?><OAI-PMH xmlns="http://www.openarchives.org/OAI/2.0/" xmlns:xsi="http://www.w3.org/2001/XMLSchema-instance" xsi:schemaLocation="http://www.openarchives.org/OAI/2.0/ http://www.openarchives.org/OAI/2.0/OAI-PMH.xsd"><responseDate>2026-04-17T15:21:21Z</responseDate><request verb="GetRecord" identifier="oai:www.recercat.cat:2099.1/17240" metadataPrefix="marc">https://recercat.cat/oai/request</request><GetRecord><record><header><identifier>oai:recercat.cat:2099.1/17240</identifier><datestamp>2025-07-23T05:57:09Z</datestamp><setSpec>com_2072_1033</setSpec><setSpec>col_2072_452951</setSpec></header><metadata><record xmlns="http://www.loc.gov/MARC21/slim" xmlns:dcterms="http://purl.org/dc/terms/" xmlns:xsi="http://www.w3.org/2001/XMLSchema-instance" xmlns:doc="http://www.lyncode.com/xoai" xsi:schemaLocation="http://www.loc.gov/MARC21/slim http://www.loc.gov/standards/marcxml/schema/MARC21slim.xsd">
   <leader>00925njm 22002777a 4500</leader>
   <datafield ind2=" " ind1=" " tag="042">
      <subfield code="a">dc</subfield>
   </datafield>
   <datafield ind2=" " ind1=" " tag="720">
      <subfield code="a">Montero López, Isaac</subfield>
      <subfield code="e">author</subfield>
   </datafield>
   <datafield ind2=" " ind1=" " tag="260">
      <subfield code="c">2013-01-25</subfield>
   </datafield>
   <datafield ind2=" " ind1=" " tag="520">
      <subfield code="a">El presente trabajo tiene como objetivo esencial desarrollar un método para determinar cuantitativamente la peligrosidad de desprendimiento mediante la simulación de todo el proceso, no sólo de la propagación ladera abajo de la masa desprendida y su aplicación a una ladera rocosa. La simulación consiste en reproducir aleatoriamente las diferentes componentes del fenómeno como su ocurrencia temporal y espacial dentro de un área determinada, el volumen inicial de las masas desprendidas y el número y volumen de los bloques resultantes de la fragmentación, acoplándola a la simulación de trayectorias. Con ello se pretende determinar la distribución de probabilidad espacial pero también temporal de la energía cinética de los bloques caídos de una ladera rocosa. Concretamente la zona de estudio donde se aplicará el método será el canal de l’Alzina, situado en la ladera rocosa del Solà d’Andorra (Principat d’Andorra la Vella). Los desprendimientos son frecuentes en dicha ladera y han alcanzado la zona urbana de las poblaciones de Andorra la Vella y de Santa Coloma, ocasionando tanto daños materiales como personales. Los desprendimientos suponen, por lo tanto, un riesgo elevado en la zona.</subfield>
   </datafield>
   <datafield tag="653" ind2=" " ind1=" ">
      <subfield code="a">Àrees temàtiques de la UPC::Enginyeria civil::Geologia::Riscos geològics</subfield>
   </datafield>
   <datafield tag="653" ind2=" " ind1=" ">
      <subfield code="a">Landslides--Risk assessment</subfield>
   </datafield>
   <datafield tag="653" ind2=" " ind1=" ">
      <subfield code="a">Esllavissades--Avaluació del risc</subfield>
   </datafield>
   <datafield ind2="0" ind1="0" tag="245">
      <subfield code="a">Simulación estocástica de desprendimientos para el análisis cuantitativo de su peligrosidad. Aplicación al canal de l'Alzina</subfield>
   </datafield>
</record></metadata></record></GetRecord></OAI-PMH>